Szczegóły MARC21

Rynek pieniądza i papierów wartościowych : przewodnik po rynkach /

003 -Nazwa inst., której nr kontr. jest w polu 001 [,]
    • @
    • Nazwa instytucji, której n kontrolny jest w polu 001
    • NUKAT
005 -DATA I CZAS OSTATNIEJ MODYFIKACJI [,]
    • @
    • pole kontrolne
    • 20241231102609.0
020 -Międzynarod. znormalizowany nr książki - ISBN [ , ]
    • a
    • Numer ISBN
    • 8385776001 Find
040 -Instytucja sporządzająca opis [ , ]
    • a
    • Instytucja, która sporządziła opis (NP)
    • Ł U/AK
    • b
    • Język katalogowania
    • pol
    • e
    • Zasady katalogowania
    • rda
    • c
    • Instytucja, która sporządziła rekord (NP)
    • Ł U/AK
    • d
    • Instytucja, która zmodyfikowała rekord (P)
    • Ł U/AS
    • d
    • Instytucja, która zmodyfikowała rekord (P)
    • Ł U/MSs
    • d
    • Instytucja, która zmodyfikowała rekord (P)
    • GL 001/FAK
    • d
    • Instytucja, która zmodyfikowała rekord (P)
    • GL 001/FAN
041 -Język dokumentu [1, ]
    • a
    • Język tekstu (P)
    • polski
    • h
    • Język tekstu oryginalnego i/lub pośredniego (P)
    • niemiecki
942 -Rodzaj dokumentu [ , ]
    • c
    • Rodzaj dokumentu
    • Książka
100 -Hasło główne - nazwa osobowa [1, ]
    • a
    • Nazwa osobowa (NP)
    • Diedrigkeit, Rüdiger.
    • e
    • Rodzaj współpracy
    • Autor
    • 9
    • KHW
    • 469657
245 -Strefa tytułu i oznaczenia odpowiedzialności [1,0]
    • a
    • Tytuł
    • Rynek pieniądza i papierów wartościowych : Find
    • b
    • Ciąg dalszy tytułu (NP)
    • przewodnik po rynkach / Find
    • c
    • Pozostałe elementy strefy tytułu i oznaczenia odpowiedzialności (NP)
    • Rudiger Diedrigkeit ; tłumaczenie: Irena Sieńko, Wojciech Grzegorczyk.
246 -Wariant tytułu [1, ]
    • i
    • Tekst wyświetlany na ekranie monitora (NP)
    • Tytuł oryginału:
    • a
    • Tytuł (NP)
    • Atlas Geld und Wertpapiere
260 -Strefa adresu wydawniczego [ , ]
    • a
    • Miejsce wydania (P)
    • Warszawa :
    • b
    • Nazwa wydawcy (P)
    • Zarządzanie i Bankowość,
    • c
    • Data wydania (P)
    • 1993.
300 -Strefa opisu fizycznego [ , ]
    • a
    • Określenie formy książki i/lub objętość (NP)
    • 308 stron :
    • b
    • Oznaczenie ilustracji (NP)
    • ilustracje ;
    • c
    • Format (NP)
    • 23 cm.
336 -Typ zawartości [ , ]
    • a
    • Termin opisujący typ zawartości
    • Tekst
    • b
    • Kod określający zawartość
    • txt
    • 2
    • Źródło (terminu i kodu)
    • rdacontent
337 -Typ mediów [ , ]
    • a
    • Tryb odtwarzania
    • Bez urządzenia pośredniczącego
    • b
    • Kod typu mediów
    • n
    • 2
    • Źródło (terminu i kodu)
    • rdamedia
338 -Typ/rodzaj nośnika [ , ]
    • a
    • Hasło opisujące typ nośnika
    • Wolumin
    • b
    • Kod typu nośnika
    • nc
    • 2
    • Źródło (terminu i kodu)
    • rdacarrier
490 -Strefa serii i książki wielotomowej - forma nie do wyszukiwania [1, ]
    • a
    • Tytuł (P)
    • Biblioteka Menedżera i Bankowca Find
830 -Hasło dodatkowe serii i opisu książki wielotomowej - tytuł ujednolicony/tytuł [ ,0]
    • a
    • Tytuł ujednolicony/tytuł (NP)
    • Biblioteka Menedżera i Bankowca
    • 9
    • KHW
    • 16576
500 -Uwaga ogólna [ , ]
    • a
    • Uwaga ogólna (NP)
    • Podtytuł z okładki.
080 -Uniwersalna Klasyfikacja Dziesiętna [ , ]
    • a
    • Symbol klasyfikacji
    • 336.7
    • 9
    • UKD
    • 3164
    • 2
    • Identyfikator wydania tablic
    • UDC-P058
    • b
    • Dopowiedzenie
    • Pieniądz. System monetarny. Bankowość. Giełdy.
650 -Hasło przedmiotowe [ ,7]
    • a
    • Hasło przedmiotowe
    • Giełda.
    • 2
    • Źródło terminu
    • kaba
    • 9
    • KHW
    • 109991
650 -Hasło przedmiotowe [ ,7]
    • a
    • Hasło przedmiotowe
    • Papiery wartościowe.
    • 2
    • Źródło terminu
    • kaba
    • 9
    • KHW
    • 123100
650 -Hasło przedmiotowe [ ,7]
    • a
    • Hasło przedmiotowe
    • Rynek kapitałowy.
    • 2
    • Źródło terminu
    • kaba
    • 9
    • KHW
    • 149370
650 -Hasło przedmiotowe [ ,7]
    • a
    • Hasło przedmiotowe
    • Rynek pieniężny.
    • 2
    • Źródło terminu
    • kaba
    • 9
    • KHW
    • 149369
980 -Symbol UKD [ , ]
    • a
    • UKD
    • 336.7
700 -Hasło dodatkowe - nazwa osobowa [1, ]
    • a
    • Nazwa osobowa (NP)
    • Sieńko, Irena Find
    • d
    • Daty biograficzne (NP)
    • (1946-2002).
    • e
    • Określenie rodzaju współpracy
    • Tłumaczenie
    • 9
    • KHW
    • 348276
700 -Hasło dodatkowe - nazwa osobowa [1, ]
    • a
    • Nazwa osobowa (NP)
    • Grzegorczyk, Wojciech Find
    • d
    • Daty biograficzne (NP)
    • (1956- ).
    • e
    • Określenie rodzaju współpracy
    • Tłumaczenie
    • 9
    • KHW
    • 11072
920 -ISBN [ , ]
    • a
    • ISBN
    • 83-85776-00-1 Find
Data inwentaryzacji Lokalizacja Sygnatura Numer inwentarzowy Status udost.
1994-08-26BE E.61820-2
1994-08-26BE S.756352
1994-08-26BE S.75636-3
1994-08-26BE S.756372
1994-08-26BGW.181661W.181661-3
1994-08-26BGW.181661W.181662-3
1994-08-26T TS.75638-3